000
00333nam a22001457a 4500
003
SGT
020
_a
978-81-322-2909-4
082
_a
610
_b
WAT
100
_a
WATTAL, CHAND
245
_a
HOSPITAL INFECTION PREVENTION
260
_a
INDIA
_b
SPRINGER PUB.
_c
2014
300
_a
177
650
_a
HOSPITAL INFECTION
942
_2
ddc
_c
BK
999
_c
33087
_d
33087